| 000 | 00791cam a2200241 a 4500 | ||
|---|---|---|---|
| 008 | |||
| 020 | _a9780415852890 (pbk.) | ||
| 049 | _aMAIN | ||
| 090 |
_aSD387.C37 _bCOM |
||
| 245 | 0 | 0 |
_aCommunity forest monitoring for the carbon market : _bopportunities under redd / _cedited by Margaret Skutsch. |
| 260 |
_aLondon : _bEarthscan, _c2011. |
||
| 300 |
_axix, 188 p. : _bill. ; _c24 cm. |
||
| 500 | _aIncludes index. | ||
| 504 | _aIncludes bibliographical references. | ||
| 650 | 0 | _aCarbon sequestration. | |
| 650 | 0 |
_aForests and forestry _xEnvironmental aspects. |
|
| 700 | 1 | _aSkutsch, Margaret McCall. | |
| 907 |
_a.b10385368 _b05-12-17 _c04-10-17 |
||
| 003 | |||
| 005 | 20230123122306.0 | ||
| 040 | _cNUST | ||
| 942 |
_cBOOKS _kSD387.C37 _mCOM |
||
| 999 |
_c131139 _d131139 |
||